000 01439nam1a2200277 i 4500
001 v19\rc\1354208
005 20240921142610.0
035 _a(NLR Aleph) 004498414
090 _a4681535
_c4681535
100 _a20060512d1863 u||y0rusy50 ca
101 0 _arus
102 _aRU
105 _a z
200 1 _aЖурнал заседания Черниговского губернского по крестьянским делам присутствия
210 _a[Чернигов
_cб. и.
_d1863]
215 _d36
309 _aБез тит. л. и обл.
316 _aЭкз. РНБ: № 171-214 сплетены в один пер. в обл. с тиснением на корешке: Журналы Губ. пр., 1863; на корешке снизу буквы: "Д - Б."
_5NLR
540 1 _aЖурналы заседаний Черниговского губернского по крестьянским делам присутствия
710 0 2 _aЧерниговское губернское по крестьянским делам присутствие
_9799109
_3RU\NLR\AUTH\880566109
801 0 _aRU
_bNLR
_gpsbo
801 1 _aRU
_bProSoft-M
_2rusmarc
852 _aNLR
_j134/1257
942 _cBOOK